000 00732nam a2200241Ia 4500
008 100315s9999 xx 000 0 und d
020 _a0860036030 
040 _cENGLISH 
082 _b7917 
_a657 
100 _a"Carsberg, Bryan, Hope, Tony "
245 _aCurrent Issues in Accounting
260 _aLondon 
_bPhilip Allan  
_c1977 
300 _a293 
365 _eRupees 
_d
_b0.00 
366 _f
505 _gVaibhav Gaikwad 
530 _bDonated By RBI Library  
620 _a"Accounting, Taxation, Economics, Operation Research, Organisational Beheviour "
630 _aCurrent Issues in Accounting
650 _aACCOUNTING 
730 _aCurrent Issues in Accounting
942 _cBOOK
999 _c482652
_d482649